|
|
|
|
| LEADER |
01230nam a2200337 i 4500 |
| 001 |
36145 |
| 003 |
BD-DhAAL |
| 005 |
20211130141507.0 |
| 008 |
191014t1976 enka b 001 0 eng d |
| 999 |
|
|
|c 41524
|d 41524
|
| 010 |
|
|
|a 77362019
|
| 015 |
|
|
|a GB77-02181
|
| 020 |
|
|
|a 0729100227
|
| 020 |
|
|
|a 0729100278 :
|c £3.90.
|
| 040 |
|
|
|a DLC
|c DLC
|d DLC
|d BD-DhAAL
|
| 050 |
0 |
0 |
|a LB1523
|b .L35
|
| 082 |
0 |
0 |
|a 372.2410941
|
| 100 |
1 |
|
|a Lancaster, Janet.
|9 35883
|
| 245 |
1 |
0 |
|a Developments in early childhood education /
|c Janet Lancaster and Joan Gaunt.
|
| 260 |
|
|
|a London :
|b Open Books,
|c c1976.
|
| 300 |
|
|
|a ix, 145 pages :
|b illustrations ;
|c 21 cm.
|
| 490 |
0 |
|
|a The Changing classroom
|
| 500 |
|
|
|a Includes index.
|
| 504 |
|
|
|a Includes bibliographical references (pages 140-142).
|
| 526 |
|
|
|a BIED
|
| 541 |
|
|
|a Complimentary copy from BIED
|e 36145
|
| 650 |
|
0 |
|a Education, Primary.
|9 35884
|
| 700 |
1 |
|
|a Gaunt, Joan
|9 35885
|
| 852 |
|
|
|a Ayesha Abed Library
|c BIED Collection
|
| 942 |
|
|
|2 ddc
|c BK
|
| 952 |
|
|
|0 0
|1 0
|2 ddc
|4 0
|6 372_241094100000000_LAN
|7 0
|9 66685
|a BRACUL
|b BRACUL
|c GEN
|d 2019-10-14
|e Complimentary copy from BIED
|l 0
|o 372.2410941 LAN
|p 3010036145
|r 2019-10-14
|t 1
|w 2019-10-14
|y BK
|x Transferred from BIED to General Stacks
|